Design and fabrication of pedal operated sand sieving machine (Record no. 256084)
[ view plain ]
| 000 -LEADER | |
|---|---|
| fixed length control field | 00440nam a2200145Ia 4500 |
| 008 - FIXED-LENGTH DATA ELEMENTS--GENERAL INFORMATION | |
| fixed length control field | 240126s9999 xx 000 0 und d |
| 041 ## - LANGUAGE CODE | |
| Language code of text/sound track or separate title | English |
| 082 ## - DEWEY DECIMAL CLASSIFICATION NUMBER | |
| Classification number | PRME94-102 |
| 100 ## - MAIN ENTRY--PERSONAL NAME | |
| Personal name | Rao, Hariprasad V Sudheer Pai M Sharath Kumar K N Suraja Y |
| 245 #0 - TITLE STATEMENT | |
| Title | Design and fabrication of pedal operated sand sieving machine |
| Remainder of title | Bhat, K Ganapathy |
| 260 ## - PUBLICATION, DISTRIBUTION, ETC. | |
| Name of publisher, distributor, etc. | NMAMIT, Nitte |
| 440 ## - SERIES STATEMENT/ADDED ENTRY--TITLE | |
| Title | NULL |
| 650 ## - SUBJECT ADDED ENTRY--TOPICAL TERM | |
| Topical term or geographic name entry element | Sand sieving machine |
| 942 ## - ADDED ENTRY ELEMENTS (KOHA) | |
| Koha item type | Project Reports |
| Date last seen | Total checkouts | Full call number | Accession number | Volume/Issue Number | Price effective from | Category | Public note | Lost status | Damaged status | Department | Withdrawn status | Home library | Current library | Entry date | Billdate | Currency symbol | Conversion rate | Discount | Old discount |
|---|---|---|---|---|---|---|---|---|---|---|---|---|---|---|---|---|---|---|---|
| 26/01/2024 | PRME94-102 | PR519 | (16/06/1905) | 26/01/2024 | Project Reports | KSCST | Central Library | Central Library | Central Library | 19/06/2010 | RS | 1 | 1 |
